Long term projections of demand for the supply of selected agricultural commodities, 1960-61 to 1975-76 (Record no. 375367)

000 -LEADER
fixed length control field 00554cam a22001337a 4500
008 - FIXED-LENGTH DATA ELEMENTS--GENERAL INFORMATION
fixed length control field 180718b1962 xxu||||| |||| 00| 0 eng d
082 ## - DEWEY DECIMAL CLASSIFICATION NUMBER
Classification number Z46x54 N213
245 ## - TITLE STATEMENT
Title Long term projections of demand for the supply of selected agricultural commodities, 1960-61 to 1975-76
Statement of responsibility, etc. by National Council of Applied Economic Research
260 ## - PUBLICATION, DISTRIBUTION, ETC.
Place of publication, distribution, etc. New Delhi
Name of publisher, distributor, etc. National Council of Applied Economic Research
Date of publication, distribution, etc. 1962
300 ## - PHYSICAL DESCRIPTION
Extent 262p.
650 ## - SUBJECT ADDED ENTRY--TOPICAL TERM
Topical term or geographic name entry element Farm produce - India
650 ## - SUBJECT ADDED ENTRY--TOPICAL TERM
Topical term or geographic name entry element Agricultural marketing - India
700 ## - ADDED ENTRY--PERSONAL NAME
Personal name National Council of Applied Economic Research
Holdings
Withdrawn status Lost status Damaged status Not for loan Permanent Location Current Location Date acquired Full call number Barcode Date last seen Price effective from Koha item type
        Indian Institute of Public Administration Indian Institute of Public Administration 1994-07-21 Z46x54 N213 30036 2018-07-21 2018-07-21 Book

Powered by Koha